Otestujte si své schopnosti

Na minha lista:
Detalhes bibliográficos
Main Authors: Barrett, Jim, Williams, Geoff (Author)
Outros Autores: Spanilý, Stanislav (Translator)
Formato: Livro
Idioma:tcheco
inglês
Publicado em: Praha Grada Publishing 1995
Edição:1. vyd.
Assuntos:
Acesso em linha:View in OPAC
Tags: Adicionar Tag
Sem tags, seja o primeiro a adicionar uma tag!

MARC

LEADER 00000nam a2200000 a 4500
005 20260127134026.0
008 060622s1995 xo cze d
020 |a 8085623471 (brož.)  |c 107.00 
035 |a vtls008786340 
035 |a HEVK11401 
039 9 |a 200810141013  |b mschk03  |y 200606231028  |z VLOAD 
040 |a HEVK  |b slo  |c HEVK  |d STUSCHK1 
041 1 |a cze  |h eng 
080 |a 159.95(035) 
100 1 |a Barrett, Jim 
245 1 |a Otestujte si své schopnosti  |c Jim Barrett ; [z anglického originálu prel. Stanislav Spanilý] 
250 |a 1. vyd. 
260 |a Praha  |b Grada Publishing  |c 1995 
300 |a 178 s. brož. 
650 0 7 |a schopnosti  |2 HEVK 
655 7 |a testy  |2 HEVK 
700 1 |a Williams, Geoff  |4 aut 
700 1 |a Spanilý, Stanislav  |4 trl  |9 496 
910 |a hevk 
910 |a SCHK95 
919 |a 80-85623-47-1 
999 |c 2332  |d 2332 
942 0 0 |0 1